Ortadoğu Harita Yarışması - Statistics

General Stats
  • This quiz has been taken 8 260 times
  • The average score is 12 of 17
Answers on the Map
Answers color-coded by a green-red scale on the quiz's map according to % correct below.
 
Answer Stats
Answer % Correct
Kıbrıs
88%
Mısır
87%
Irak
86%
İran
84%
Suudi Arabistan
84%
Türkiye
84%
Suriye
80%
İsrail
72%
Filistin Bölgesi
71%
Umman
66%
Katar
65%
Lübnan
64%
Birleşik Arap Emirlikleri
62%
Kuveyt
62%
Bahreyn
61%
Yemen
61%
Ürdün
58%
No matching quizzes found
Score Distribution
Percent of People with Each Score
Percentile by Number Answered
Your Score History
You have not taken this quiz